|
|
|
|
| LEADER |
00000nam2a2200000 4500 |
| 001 |
334888 |
| 005 |
20231208105320.0 |
| 035 |
|
|
|a (RuTPU)RU\TPU\book\361190
|
| 035 |
|
|
|a RU\TPU\book\361189
|
| 090 |
|
|
|a 334888
|
| 100 |
|
|
|a 20170908d2016 k y0rusy50 ca
|
| 101 |
0 |
|
|a rus
|
| 102 |
|
|
|a RU
|
| 105 |
|
|
|a a z 001zy
|
| 200 |
0 |
|
|a Т. 327, № 6
|
| 210 |
|
|
|d 2016
|
| 215 |
|
|
|a 114 с.
|c ил.
|
| 320 |
|
|
|a Библиогр. в конце ст.
|
| 330 |
|
|
|a «Известия Томского политехнического университета. Инжиниринг георесурсов» публикует оригинальные работы, обзорные статьи, очерки и обсуждения, охватывающие последние достижения в области геологии, разведки и добычи полезных ископаемых, технологии транспортировки и глубокой переработки природных ресурсов, энергоэффективного производства и преобразования энергии на основе полезных ископаемых, а также безопасной утилизации геоактивов.
|
| 461 |
|
1 |
|0 (RuTPU)RU\TPU\book\353411
|x 2413-1830
|t Известия Томского политехнического университета [Известия ТПУ]. Инжиниринг георесурсов
|l Bulletin of the Tomsk Polytechnic University. Geo Assets Engineering
|f Национальный исследовательский Томский политехнический университет (ТПУ)
|v Т. 327, № 6
|d 2015-
|
| 606 |
1 |
|
|a Научно-технический потенциал
|2 stltpush
|3 (RuTPU)RU\TPU\subj\45166
|9 64427
|
| 610 |
1 |
|
|a Томский политехнический университет
|
| 610 |
1 |
|
|a научные исследования
|
| 610 |
1 |
|
|a труды учёных ТПУ
|
| 610 |
1 |
|
|a закладочные смеси
|
| 610 |
1 |
|
|a напряженность
|
| 610 |
1 |
|
|a горные породы
|
| 610 |
1 |
|
|a угольные слои
|
| 610 |
1 |
|
|a термообработка
|
| 610 |
1 |
|
|a СВЧ-энергия
|
| 610 |
1 |
|
|a листья
|
| 610 |
1 |
|
|a элементный состав
|
| 610 |
1 |
|
|a геохимия
|
| 610 |
1 |
|
|a уголь
|
| 610 |
1 |
|
|a топливо
|
| 610 |
1 |
|
|a горение
|
| 610 |
1 |
|
|a теплоперенос
|
| 610 |
1 |
|
|a турбулентное течение
|
| 610 |
1 |
|
|a опасные геологические процессы
|
| 610 |
1 |
|
|a анорогенные гранитоиды
|
| 610 |
1 |
|
|a Горный Алтай
|
| 610 |
1 |
|
|a вентильно-индуктивные двигатели
|
| 610 |
1 |
|
|a диатомиты
|
| 610 |
1 |
|
|a вещественный состав
|
| 610 |
1 |
|
|a параметрические генераторы
|
| 610 |
1 |
|
|a мониторинг
|
| 610 |
1 |
|
|a атмосфера
|
| 675 |
|
|
|a 62
|v 3
|
| 801 |
|
1 |
|a RU
|b 63413507
|c 20091023
|
| 801 |
|
2 |
|a RU
|b 63413507
|c 20221212
|g RCR
|
| 942 |
|
|
|c CR
|